000 00434nam a2200181Ia 4500
001 11070
005 20260306161919.0
008 260306t1976||||xx |||||||||||||| ||spa||
041 _aESP
082 _a985.004
_bG68
100 _aGonzalez Prada, Manuel
_eAUT
245 0 _aPáginas libres:
_bhoras de lucha
260 _c1976
300 _a395 páginas :
_c23 cm.
650 _aGEN
654 _aCHU
942 _cLIB
_dJUS
_fJUS
_2ddc
_n
999 _c11070
_d11070